Oficjalni Prezesi Rady Ministrów (Premierzy) Polski - Statystyki

Ogólne statystyki
  • Ten quiz został rozwiązany 87 razy
  • Średni wynik to 14 z 18
Statystyki odpowiedzi
Objęcie Urzędu Złożenie Urzędu Partia Premier % Poprawnych
16.11.2007 22.09.2014 Platforma Obywatelska (PO) Donald Tusk
99%
13.12.2023 teraz Platforma Obywatelska (PO) Donald Tusk
99%
11.12.2017 13.12.2023 Prawo i Sprawiedliwość (PiS) Mateusz Morawiecki
99%
14.07.2006 16.11.2007 Prawo i Sprawiedliwość (PiS) Jarosław Kaczyński
97%
16.11.2015 11.12.2017 Prawo i Sprawiedliwość (PiS) Beata Szydło
92%
22.09.2014 16.11.2015 Platforma Obywatelska (PO) Ewa Kopacz
91%
19.11.2001 02.05.2004 Sojusz Lewicy Demokratycznej (SLD) Leszek Miller
88%
24.08.1989 04.01.1991 Komitet Obywatelski "Solidarność",a potem Unia Demokratyczna (UD) Tadeusz Mazowiecki
81%
05.06.1992 10.07.1992 Polskie Stronnictwo Ludowe (PSL) Waldemar Pawlak
77%
26.11.1993 07.03.1995 Polskie Stronnictwo Ludowe (PSL) Waldemar Pawlak
77%
31.11.2005 14.07.2006 Prawo i Sprawiedliwość (PiS) Kazimierz Marcinkiewicz
70%
06.12.1991 05.06.1992 Porozumienie Centrum (PC) Jan Olszewski
66%
10.07.1992 26.11.1993 Unia Demokratyczna (UD) Hanna Suchocka
65%
31.11.1997 19.11.2001 Ruch Społeczny Akcja Wyborcza Solidarność (RSAWS) Jerzy Buzek
64%
07.02.1996 31.11.1997 bezpartyjny związany z partią Socjaldemokracja RP (SdRP) Włodzimierz Cimoszewicz
64%
02.05.2004 31.11.2005 Sojusz Lewicy Demokratycznej (SLD) Marek Belka
62%
07.03.1995 07.02.1996 Socjaldemokracja RP (SdRP) Józef Oleksy
61%
04.01.1991 06.12.1991 Kongres Liberalno-Demokratyczny (KLD) Jan Bielecki
49%
Nie znaleziono quizów pasujących do podanych kryteriów
Rozkład punktacji
Procent ludzi z każdym wynikiem
Percentyl według liczby udzielonych odpowiedzi
Twoja historia wyników
Nie rozwiązałeś tego quizu